To úplne najpodstatnejšie a určujúce ...

Bibliographic Details
Main Author: Jarjabek, Dušan, 1953- (Author)
Format: Article
Language:Slovak
PhysicalDescription:Fotogr.
ISSN:0862-5999
Subjects:

MARC

LEADER 00000nab a2200000 a 4500
001 vtls010028527
003 SK-MaSNL
005 20260426071159.0
008 140422c2009 xo |r|p|||||||000 b|slo
015 |a SNBRB2009/12  |2 snkbucl 
038 |a SNKBUCL 
040 |a SNKBUCL  |b slo  |c SNKBUCL  |e AACR2 
041 0 |a slo 
044 |a xo  |c SK 
080 |a 323(437.6)  |x "1989/..."  |2 2001 
100 1 |a Jarjabek, Dušan,  |d 1953-  |4 aut  |9 119558 
245 1 0 |a To úplne najpodstatnejšie a určujúce ...  |c Dušan Jarjabek 
300 |b Fotogr. 
500 |a Pod spoločným názvom Anketa LT 
650 0 7 |a spoločnosť a politika  |2 snkbucl  |9 1526 
651 7 |a Slovensko  |2 snkbucl  |9 14231 
655 7 |a ankety  |2 snkbucl  |9 54526 
773 0 |t Literárny (dvoj)týždenník  |g Roč. XXII, č. 35-36 (2009), s. 3  |x 0862-5999 
852 |a SNK  |b KIS3GCP 
958 |a SK 
999 |c 2675862  |d 2677792